000 00636nam a2200241Ia 4500
003 OSt
005 20220918200702.0
006 a|||||r|||| 00| 0
007 ta
008 220917b |||||||| |||| 00| 0 eng d
024 _a89,826
037 _cTextual
040 _aARTS
_cARTS
_beng
041 _2eng
_aeng
082 _aU8:63:M8, A (906)
100 _aJohnson Harry
_995134
245 0 _aPioneers in South Africa
260 _aNa
_bNa
_c1800
490 _aGreat travellers and explorers; 6
650 _aGEOGRAPHY
942 _hU8:63:M8, A (906)
_cTEXL
_2CC
999 _c213495
_d213495